Primera valoració dels resultats del Simposi Partenàlia
Publicado:
Barcelona :
Diputació de Barcelona. Servei de Promoció Econòmica. Gabinet d'Integració Europea i Solidaritat : CEPIE (Centre d'Estudis per a la Promoció i l'Intercanvi Econòmic) ,
1995
Descripción Física:
63 p. ; 30 cm
Otros Autores:
Centre d'Estudis per a la Promoció i l'Intercanvi Econòmic
MARC
| LEADER | 00000nam a2200000Ia 4500 | ||
|---|---|---|---|
| 001 | 24169 | ||
| 008 | 160829s1995 xx 000 0 cat d | ||
| 080 | |a Bib-168 | ||
| 245 | |a Primera valoració dels resultats del Simposi Partenàlia | ||
| 260 | |a Barcelona : |b Diputació de Barcelona. Servei de Promoció Econòmica. Gabinet d'Integració Europea i Solidaritat : |b CEPIE (Centre d'Estudis per a la Promoció i l'Intercanvi Econòmic), |c 1995 | ||
| 300 | |a 63 p. ; |c 30 cm | ||
| 650 | |a Congressos i conferències |x Avaluació |9 50301 | ||
| 650 | |a Administració local |x Congressos |9 27317 | ||
| 650 | 0 | |a Desenvolupament econòmic |x Congressos |9 50395 | |
| 650 | 0 | |a Ordenació del territori |x Congressos |9 42028 | |
| 700 | |a Centre d'Estudis per a la Promoció i l'Intercanvi Econòmic |9 50305 | ||
| 710 | 1 | |a Barcelona (Catalunya : Província). |b Gabinet d'Integració Europea i Solidaritat |e entitat coordinadora |9 55940 | |
| 901 | |a Arxiu | ||
| 942 | |n 1 |2 udc | ||
| 952 | |0 0 |1 0 |4 0 |6 BIB168 |7 1 |9 55946 |a Arxiu |b Arxiu |d 2016-12-01 |l 0 |o Bib-168 |p 24169 |r 2016-12-01 00:00:00 |w 2016-12-01 |y ARXIU | ||
| 999 | |c 59819 |d 59819 | ||